Európska integrácia v univerzitnom vzdelávaní

Na minha lista:
Detalhes bibliográficos
Autor principal: Komorník, Jozef
Formato: Livro
Idioma:eslovaco
tcheco
inglês
Publicado em: Bratislava EUROUNION 2004
Assuntos:
Tags: Adicionar Tag
Sem tags, seja o primeiro a adicionar uma tag!

MARC

LEADER 00000nam$a2200000$$$4500
001 0023078
005 20240104095004.0
020 |a 80-88984-61-0 
041 0 |a slo 
041 0 |a cze 
041 0 |a eng 
044 |a SK 
245 1 0 |a Európska integrácia v univerzitnom vzdelávaní  |c Jozef Komorník a kol. 
264 1 |a Bratislava  |b EUROUNION  |c 2004 
300 |a 383 s. 
610 2 0 |a Európska únia 
610 2 0 |a integrácia ekonomická medzinárodná 
610 2 0 |a vzdelávanie vysokoškolské 
610 2 0 |a politika hospodárska medzinárodná 
610 2 0 |a politika medzinárodná 
610 2 0 |a politika zahraničná 
610 2 0 |a rozvoj hospodársky 
610 2 0 |a spolupráca hospodárska medzinárodná 
610 2 0 |a spolupráca medzinárodná 
100 1 |a Komorník, Jozef